[Event "FRA-chT1 0910"]
[Site "France"]
[Date "2009.10.04"]
[Round "1.6"]
[White "Langevin, Philippe"]
[Black "Andonov, Bogomil"]
[Result "0-1"]
[WhiteElo "2112"]
[BlackElo "2294"]
[PlyCount "61"]
[EventDate "2009.09.27"]
[EventType "team-match"]
[EventRounds "11"]
[EventCountry "FRA"]
[Source "ChessBase"]
[SourceDate "2010.02.25"]

1. e4 c5 2. Nf3 Nc6 3. Be2 Nf6 4. d3 d5 5. Nbd2 Bg4 6. h3 Bh5 7. O-O e6 8. Re1
Be7 9. exd5 Nxd5 10. Ne4 Bg6 11. Bd2 O-O 12. Qc1 Rc8 13. Bg5 f6 14. Be3 b6 15.
Nc3 Nxe3 16. Qxe3 Nd4 17. Bd1 e5 18. b3 Re8 19. a4 Bd6 20. Nh4 Bf7 21. Nb5 Be7
22. c3 Nxb3 23. Rb1 Na5 24. Bg4 Be6 25. Nf5 Qd7 26. Qf3 h5 27. Bxh5 Bxf5 28.
Bxe8 Rxe8 29. Rbd1 a6 30. Na3 Rd8 31. Nc4 0-1

[Event "FRA-chT1 0910"]
[Site "France"]
[Date "2009.10.04"]
[Round "1.6"]
[White "Muller, Anne"]
[Black "Minet, Steve"]
[Result "1-0"]
[WhiteElo "2158"]
[BlackElo "2168"]
[PlyCount "81"]
[EventDate "2009.09.27"]
[EventType "team-match"]
[EventRounds "11"]
[EventCountry "FRA"]
[Source "ChessBase"]
[SourceDate "2010.02.25"]

1. e4 e6 2. d4 b6 3. Nf3 Bb7 4. Bd3 Nf6 5. Qe2 c5 6. c3 Be7 7. O-O Nc6 8. a3
Na5 9. Nbd2 c4 10. Bc2 Qc7 11. Re1 O-O 12. Rb1 b5 13. Nf1 d6 14. Ng3 Rfe8 15.
e5 Nd7 16. Bf4 Bd5 17. Ne4 Nb7 18. Rbd1 Rad8 19. Bb1 Qc6 20. h4 dxe5 21. dxe5
Ndc5 22. Nd4 Qb6 23. Ng5 g6 24. h5 Nb3 25. Nxh7 Kxh7 26. hxg6+ Kg7 27. gxf7 Rh8
28. Qg4+ Kxf7 29. Qg6+ Kf8 30. Re3 Bh4 31. Bh6+ Rxh6 32. Qxh6+ Ke8 33. Qxh4 Kd7
34. Nxb3 cxb3 35. Be4 Kc8 36. Bxd5 exd5 37. Qd4 Qg6 38. Qd3 Qh5 39. Rde1 a6 40.
Qd4 Qf5 41. e6 1-0

[Event "FRA-chT1 0910"]
[Site "France"]
[Date "2009.10.04"]
[Round "1.6"]
[White "Nass, Emile"]
[Black "Manoeuvre, Antoine"]
[Result "1/2-1/2"]
[WhiteElo "2220"]
[BlackElo "2213"]
[PlyCount "106"]
[EventDate "2009.09.27"]
[EventType "team-match"]
[EventRounds "11"]
[EventCountry "FRA"]
[Source "ChessBase"]
[SourceDate "2010.02.25"]

1. d4 Nf6 2. Nf3 g6 3. c4 Bg7 4. g3 d6 5. Bg2 O-O 6. O-O Nc6 7. Nc3 a6 8. Re1
Rb8 9. Rb1 Re8 10. h3 e5 11. dxe5 dxe5 12. Qxd8 Nxd8 13. Be3 Nc6 14. g4 Be6 15.
Ng5 Bxc4 16. b3 Be6 17. Bxc6 bxc6 18. Nxe6 Rxe6 19. Na4 Nd5 20. Bd2 e4 21. Rbc1
Bd4 22. e3 Bb6 23. Rc4 f5 24. Rec1 fxg4 25. hxg4 Nf6 26. Rxc6 Rbe8 27. g5 Ng4
28. Nxb6 cxb6 29. Rxe6 Rxe6 30. Rc8+ Kf7 31. Bc3 Ne5 32. Rc7+ Kg8 33. Rc8+ Kf7
34. Rc7+ Kg8 35. Kg2 Nf3 36. Rg7+ Kf8 37. Rxh7 Nxg5 38. Rc7 Ke8 39. a4 Kd8 40.
Ra7 Kc8 41. b4 Rc6 42. Bd4 b5 43. axb5 axb5 44. Ra5 Nf3 45. Rxb5 Ne1+ 46. Kg3
Nd3 47. f3 exf3 48. Kxf3 Rc4 49. Bc5 Kd7 50. Rb7+ Kc8 51. Rg7 Nxc5 52. bxc5
Rxc5 53. Rxg6 Kd7 1/2-1/2

[Event "FRA-chT1 0910"]
[Site "France"]
[Date "2009.10.04"]
[Round "1.6"]
[White "Picard, Clement"]
[Black "Sola, Flavien"]
[Result "1-0"]
[WhiteElo "2179"]
[BlackElo "1946"]
[PlyCount "93"]
[EventDate "2009.09.27"]
[EventType "team-match"]
[EventRounds "11"]
[EventCountry "FRA"]
[Source "ChessBase"]
[SourceDate "2010.02.25"]

1. e4 e5 2. Bc4 Nc6 3. Nf3 Nf6 4. d3 d5 5. exd5 Nxd5 6. Ng5 f6 7. Qf3 Nd4 8.
Qxd5 Qxd5 9. Bxd5 fxg5 10. Kd1 c6 11. Be4 Be7 12. c3 Nf5 13. Nd2 Nd6 14. Kc2
O-O 15. Rf1 g4 16. Nb3 Nf5 17. Bd2 Be6 18. Rae1 Rad8 19. Be3 Nxe3+ 20. Rxe3 g6
21. f3 Bd6 22. Rfe1 gxf3 23. Bxf3 Bd5 24. Nd2 Rd7 25. R3e2 Kg7 26. Be4 Bc7 27.
Nf3 Rfd8 28. Bxd5 Rxd5 29. d4 R8d7 30. Nxe5 Re7 31. Nf3 Rxe2+ 32. Rxe2 Rd7 33.
h3 Bf4 34. Kd3 h5 35. Re6 Kf7 36. Re4 Bc7 37. Ne5+ Bxe5 38. Rxe5 Rd6 39. a4 Rf6
40. Re3 Rd6 41. b4 Rd5 42. Re5 Rxe5 43. dxe5 b6 44. Ke4 Ke6 45. c4 c5 46. bxc5
bxc5 47. h4 1-0

[Event "FRA-chT1 0910"]
[Site "France"]
[Date "2009.10.04"]
[Round "1.6"]
[White "Py, Jean"]
[Black "Gingene, Eric"]
[Result "1-0"]
[WhiteElo "2134"]
[BlackElo "2097"]
[PlyCount "126"]
[EventDate "2009.09.27"]
[EventType "team-match"]
[EventRounds "11"]
[EventCountry "FRA"]
[Source "ChessBase"]
[SourceDate "2010.02.25"]

1. d4 d5 2. Nf3 Nf6 3. Bf4 Bf5 4. e3 e6 5. Bd3 Bxd3 6. cxd3 c5 7. O-O Nbd7 8.
dxc5 Bxc5 9. d4 Be7 10. Nc3 O-O 11. h3 Rc8 12. Rc1 Qb6 13. Qe2 Rc6 14. Rc2 Rfc8
15. Rfc1 h6 16. Ne1 Bb4 17. Nd3 Bxc3 18. bxc3 Ne4 19. Qe1 Qb5 20. Nb4 Rc4 21.
a3 a5 22. f3 axb4 23. fxe4 b3 24. Rb2 Nf6 25. Bd6 Nxe4 26. Bb4 Qa4 27. g3 R4c6
28. Kg2 Nd6 29. Rcb1 Nc4 30. Rxb3 Ra6 31. g4 Qc6 32. Qf2 e5 33. Bc5 b6 34. Bb4
Qg6 35. Rf1 Rc6 36. dxe5 Qe4+ 37. Kg1 Nxe5 38. Qf4 Rf6 39. Qxe4 Rxf1+ 40. Kxf1
dxe4 41. Ke2 Nc4 42. Rb1 Ra7 43. Rd1 Nxa3 44. Rd4 Nc2 45. Rxe4 Nxb4 46. Rxb4
Rc7 47. Kd3 Rc6 48. e4 Kh7 49. Rb5 Kg6 50. Rf5 f6 51. Rd5 Kf7 52. Rd7+ Kg6 53.
c4 Rc5 54. Kd4 h5 55. Rd6 hxg4 56. hxg4 Rg5 57. Rxb6 Rxg4 58. c5 Kf7 59. Kd5
Ke7 60. Rb7+ Kd8 61. Kd6 Kc8 62. Re7 f5 63. Re8+ Kb7 1-0

[Event "FRA-chT1 0910"]
[Site "France"]
[Date "2009.10.04"]
[Round "1.6"]
[White "Rate, Bruno"]
[Black "Roumegous, Marina"]
[Result "0-1"]
[WhiteElo "2120"]
[BlackElo "2217"]
[PlyCount "122"]
[EventDate "2009.09.27"]
[EventType "team-match"]
[EventRounds "11"]
[EventCountry "FRA"]
[Source "ChessBase"]
[SourceDate "2010.02.25"]

1. d4 e6 2. Nf3 c5 3. e3 Nf6 4. Bd3 b6 5. O-O Bb7 6. Nbd2 Be7 7. b3 Nc6 8. c4
cxd4 9. exd4 d5 10. Bb2 O-O 11. Rc1 Rc8 12. Qe2 Rc7 13. Rfd1 Qc8 14. Ne5 Rd8
15. Ndf3 Nxe5 16. dxe5 Nd7 17. Nd4 dxc4 18. Bxc4 Nc5 19. Nb5 Rcd7 20. Rxd7 Qxd7
21. Nxa7 Bg5 22. Rf1 Qd2 23. Qxd2 Rxd2 24. Bc1 Rxa2 25. Bxg5 Rxa7 26. Rd1 h6
27. Be3 Be4 28. f3 Bc2 29. Rd8+ Kh7 30. b4 Nd7 31. f4 Ba4 32. Bd3+ g6 33. Be4
Rc7 34. Bf3 Rc4 35. Bd2 Rd4 36. Ra8 Bb5 37. Ra2 Bc4 38. Rb2 b5 39. Be3 Rd3 40.
Kf2 Ra3 41. Be4 Nb8 42. Bc5 Na6 43. Be7 Nc7 44. Bd5 Bxd5 45. Rd2 Rc3 46. Bc5
Rc4 47. g3 Rc3 48. Ke2 g5 49. fxg5 hxg5 50. Be3 Kg6 51. h4 gxh4 52. gxh4 Rb3
53. Bc5 Ra3 54. Rd4 Kf5 55. Bd6 Be4 56. Rd2 Kf4 57. Ke1 Ra1+ 58. Ke2 Rh1 59.
Rd4 Rh2+ 60. Kd1 Ke3 61. Bc5 Rh1# 0-1

[Event "FRA-chT1 0910"]
[Site "France"]
[Date "2009.10.04"]
[Round "1.6"]
[White "Ribbegren, Karl Johan"]
[Black "Kerbrat, Julien"]
[Result "1-0"]
[WhiteElo "2158"]
[BlackElo "2187"]
[PlyCount "77"]
[EventDate "2009.09.27"]
[EventType "team-match"]
[EventRounds "11"]
[EventCountry "FRA"]
[Source "ChessBase"]
[SourceDate "2010.02.25"]

1. g3 g6 2. Bg2 Bg7 3. Nf3 Nf6 4. O-O O-O 5. c4 c5 6. Nc3 Nc6 7. a3 d6 8. Rb1
Rb8 9. b4 Bf5 10. d3 Nd7 11. Bd2 cxb4 12. axb4 Nde5 13. Nxe5 Nxe5 14. Qa4 a6
15. b5 Bd7 16. Qa3 axb5 17. cxb5 Be6 18. Rfc1 Nd7 19. Be3 b6 20. Nd5 Bxd5 21.
Bxd5 e6 22. Bg2 d5 23. Rc6 Re8 24. Bf4 Ra8 25. Qc1 Ne5 26. Bxe5 Bxe5 27. Qe3
Qf6 28. Bxd5 Bd4 29. Qf3 Qe5 30. Bc4 Bc5 31. e3 Ra1 32. Rxa1 Qxa1+ 33. Kg2 Qa7
34. h4 Bf8 35. Qf4 e5 36. Qe4 Bg7 37. h5 Qb8 38. hxg6 hxg6 39. Qxg6 1-0

[Event "FRA-chT1 0910"]
[Site "France"]
[Date "2009.10.04"]
[Round "1.6"]
[White "Rihouay, Clement"]
[Black "Vasilescu, Victor"]
[Result "1/2-1/2"]
[WhiteElo "2220"]
[BlackElo "2155"]
[PlyCount "45"]
[EventDate "2009.09.27"]
[EventType "team-match"]
[EventRounds "11"]
[EventCountry "FRA"]
[Source "ChessBase"]
[SourceDate "2010.02.25"]

1. e4 c5 2. Nf3 e6 3. d4 cxd4 4. Nxd4 Nc6 5. Nb5 d6 6. Bf4 e5 7. Be3 Nf6 8. Bg5
a6 9. Bxf6 gxf6 10. N5c3 Be6 11. Bd3 Ne7 12. Qf3 Bg7 13. Nd2 Rc8 14. O-O Qd7
15. Rfe1 O-O 16. Nf1 f5 17. exf5 Nxf5 18. Bxf5 Bxf5 19. Nd5 Bg4 20. Nf6+ Bxf6
21. Qxf6 Qe6 22. Qh4 Bf5 23. c3 1/2-1/2

[Event "FRA-chT1 0910"]
[Site "France"]
[Date "2009.10.04"]
[Round "1.6"]
[White "Wunderman, Xavier"]
[Black "Daurelle, Herve"]
[Result "1-0"]
[WhiteElo "2168"]
[BlackElo "2234"]
[PlyCount "85"]
[EventDate "2009.09.27"]
[EventType "team-match"]
[EventRounds "11"]
[EventCountry "FRA"]
[Source "ChessBase"]
[SourceDate "2010.02.25"]

1. e4 e5 2. Nc3 Nf6 3. f4 d5 4. exd5 exf4 5. Bb5+ Nbd7 6. Nf3 Bd6 7. Qe2+ Qe7
8. Qxe7+ Kxe7 9. O-O Rd8 10. d4 Nb6 11. Bd3 Nbxd5 12. Nxd5+ Nxd5 13. c4 Ne3 14.
Re1 Kf8 15. Bxe3 fxe3 16. Rxe3 Bf4 17. Re4 Bh6 18. Rd1 Bf5 19. Ree1 Bg4 20. Be4
f5 21. Bxb7 Rab8 22. h3 Bh5 23. Bd5 Rxb2 24. g4 fxg4 25. hxg4 Bxg4 26. Rf1 Be3+
27. Kh1 Bh3 28. Ng5+ Bxf1 29. Rxf1+ Rf2 30. Nxh7+ Ke7 31. Re1 Rh8 32. Rxe3+ Kd6
33. Kg1 Rxa2 34. Ng5 Rb8 35. Ne4+ Ke7 36. Nc5+ Kd8 37. Re1 Rab2 38. Be4 R2b4
39. Bg6 c6 40. Re8+ Kc7 41. Re7+ Kd8 42. Rd7+ Kc8 43. Bf5 1-0

[Event "FRA-chT1 0910"]
[Site "France"]
[Date "2009.10.04"]
[Round "1.7"]
[White "Coste, Thierry"]
[Black "Gaudron, Fanny"]
[Result "1-0"]
[WhiteElo "2185"]
[BlackElo "2045"]
[PlyCount "141"]
[EventDate "2009.09.27"]
[EventType "team-match"]
[EventRounds "11"]
[EventCountry "FRA"]
[Source "ChessBase"]
[SourceDate "2010.02.25"]

1. e4 e5 2. Nf3 Nc6 3. Bc4 Be7 4. O-O Nf6 5. d3 d6 6. c3 O-O 7. Bb3 b5 8. Re1
Bb7 9. Nbd2 Na5 10. Bc2 c5 11. Nf1 Qc7 12. Ng3 Rfe8 13. Nf5 Bf8 14. Bg5 Nd7 15.
N3h4 h6 16. Bd2 Nc6 17. Re3 Nf6 18. Rg3 Kh7 19. Qf3 Re6 20. Re1 g6 21. Bb3 c4
22. dxc4 Na5 23. Rh3 Nxb3 24. axb3 Ng8 25. cxb5 gxf5 26. Nxf5 Rg6 27. c4 Qd7
28. Rh5 Qe6 29. Qh3 Nf6 30. Rh4 Ng8 31. Re3 Rf6 32. g4 a6 33. b6 a5 34. g5 Rg6
35. Rg3 Ra6 36. gxh6 Nf6 37. Qg2 Nxe4 38. Ng7 Rxg3 39. hxg3 Qg6 40. Be3 Ba8 41.
Ne8 Nc5 42. f3 Rxb6 43. Rg4 Qf5 44. Rg5 Qb1+ 45. Qf1 Qxf1+ 46. Kxf1 d5 47. Rf5
f6 48. Nxf6+ Kg6 49. h7 Bg7 50. Nh5 Bh8 51. Rg5+ Kxh7 52. Bxc5 Rxb3 53. f4 dxc4
54. fxe5 Rxb2 55. Nf6+ Kh6 56. Rh5+ Kg7 57. Rh7+ Kg6 58. Rxh8 Bg2+ 59. Ke1 c3
60. Rc8 Rb1+ 61. Kf2 Bb7 62. Rc7 c2 63. Be3 Rb2 64. Bc1 Rb1 65. Rxc2 Kf5 66.
Rc5 a4 67. Ne8 Ke6 68. Nc7+ Ke7 69. Bg5+ Kf8 70. e6 Rb2+ 71. Ke3 1-0

[Event "FRA-chT1 0910"]
[Site "France"]
[Date "2009.10.04"]
[Round "1.7"]
[White "Dubessay, Bastien"]
[Black "Leburgue, Sylvain"]
[Result "1-0"]
[WhiteElo "2157"]
[BlackElo "2130"]
[PlyCount "57"]
[EventDate "2009.09.27"]
[EventType "team-match"]
[EventRounds "11"]
[EventCountry "FRA"]
[Source "ChessBase"]
[SourceDate "2010.02.25"]

1. d4 d5 2. c4 c6 3. Nf3 Nf6 4. Nc3 e6 5. e3 Nbd7 6. Bd3 dxc4 7. Bxc4 b5 8. Bd3
Bd6 9. O-O O-O 10. e4 e5 11. dxe5 Nxe5 12. Nxe5 Bxe5 13. Ne2 Ng4 14. h3 Nh2 15.
Re1 Bxh3 16. Bf4 Nf3+ 17. gxf3 Bxf4 18. Nxf4 Qg5+ 19. Kh2 Qxf4+ 20. Kxh3 Rad8
21. Qe2 Rd6 22. Qe3 Rh6+ 23. Kg2 Qh4 24. Kf1 Rd8 25. Ke2 Qe7 26. a3 Qe5 27.
Rab1 Rhd6 28. Red1 c5 29. Bc2 1-0

[Event "FRA-chT1 0910"]
[Site "France"]
[Date "2009.10.04"]
[Round "1.7"]
[White "Forestier, Flavien"]
[Black "Robert, Bastien"]
[Result "1-0"]
[WhiteElo "2184"]
[BlackElo "2035"]
[PlyCount "51"]
[EventDate "2009.09.27"]
[EventType "team-match"]
[EventRounds "11"]
[EventCountry "FRA"]
[Source "ChessBase"]
[SourceDate "2010.02.25"]

1. d4 Nf6 2. Nf3 g6 3. c4 d5 4. cxd5 Nxd5 5. e4 Nb6 6. Nc3 Bg7 7. h3 O-O 8. Be2
N8d7 9. Be3 c6 10. O-O e5 11. d5 cxd5 12. exd5 f5 13. Ng5 Nf6 14. Qb3 Qd6 15.
Nb5 Qd7 16. Bxb6 axb6 17. d6+ Kh8 18. Bc4 Ra5 19. a4 h6 20. Nf7+ Rxf7 21. Bxf7
Ne4 22. Rfd1 Ng5 23. Bxg6 f4 24. h4 Ne6 25. Bf5 Qf7 26. Bh3 1-0

[Event "FRA-chT1 0910"]
[Site "France"]
[Date "2009.10.04"]
[Round "1.7"]
[White "Geffroy, Laurent"]
[Black "Chaumont, Adeline"]
[Result "1-0"]
[WhiteElo "2231"]
[BlackElo "2049"]
[PlyCount "107"]
[EventDate "2009.09.27"]
[EventType "team-match"]
[EventRounds "11"]
[EventCountry "FRA"]
[Source "ChessBase"]
[SourceDate "2010.02.25"]

1. d4 d5 2. c4 c6 3. Nc3 Nf6 4. Nf3 e6 5. e3 Nbd7 6. Bd3 Bd6 7. e4 dxe4 8. Nxe4
Nxe4 9. Bxe4 Nf6 10. Bc2 Bb4+ 11. Bd2 Qa5 12. a3 Bxd2+ 13. Qxd2 Qc7 14. O-O O-O
15. Rfe1 b6 16. Rad1 Bb7 17. Ne5 Rad8 18. Qd3 g6 19. Qe3 Kg7 20. b4 Rfe8 21.
Rd3 c5 22. dxc5 Rxd3 23. Bxd3 bxc5 24. Qxc5 Qxc5 25. bxc5 Rc8 26. Rb1 Rxc5 27.
Nxf7 Bxg2 28. Kxg2 Kxf7 29. Rb7+ Kf8 30. Rxa7 Rg5+ 31. Kf3 Rh5 32. a4 Rh3+ 33.
Ke2 Ng4 34. c5 Ne5 35. Bb5 Rc3 36. f4 Nf7 37. c6 h6 38. c7 Nd6 39. Bd7 Ke7 40.
c8=Q Nxc8 41. Bxc8+ Kf6 42. Bd7 Rc2+ 43. Kd3 Rxh2 44. Ra6 Kf5 45. Rxe6 Kxf4 46.
Rxg6 h5 47. a5 Ra2 48. a6 Ke5 49. Rh6 Kf4 50. Kc3 Kg5 51. Kb3 Ra5 52. Rb6 Ra1
53. Kb2 Ra5 54. Rb5+ 1-0

[Event "FRA-chT1 0910"]
[Site "France"]
[Date "2009.10.04"]
[Round "1.7"]
[White "Hardier, Bertrand"]
[Black "Couche, Didier"]
[Result "1-0"]
[WhiteElo "2159"]
[BlackElo "2144"]
[PlyCount "59"]
[EventDate "2009.09.27"]
[EventType "team-match"]
[EventRounds "11"]
[EventCountry "FRA"]
[Source "ChessBase"]
[SourceDate "2010.02.25"]

1. d4 d5 2. c4 c6 3. Nf3 Nf6 4. e3 Bf5 5. Nc3 e6 6. Bd3 Bxd3 7. Qxd3 Nbd7 8.
O-O Be7 9. b3 O-O 10. e4 dxe4 11. Nxe4 Nxe4 12. Qxe4 Bf6 13. Be3 Qa5 14. Rfd1
Rfd8 15. Rd2 Nf8 16. Rad1 Rd7 17. g4 Ng6 18. g5 Be7 19. h4 Rdd8 20. h5 Nf8 21.
d5 Bb4 22. Rd3 cxd5 23. cxd5 Bc5 24. g6 hxg6 25. hxg6 exd5 26. gxf7+ Kxf7 27.
Rxd5 Bxe3 28. Rxa5 Rxd1+ 29. Kg2 Bb6 30. Rf5+ 1-0

[Event "FRA-chT1 0910"]
[Site "France"]
[Date "2009.10.04"]
[Round "1.7"]
[White "Macon, Arthur"]
[Black "Heinis, Vincent"]
[Result "1/2-1/2"]
[WhiteElo "1888"]
[BlackElo "2138"]
[PlyCount "48"]
[EventDate "2009.09.27"]
[EventType "team-match"]
[EventRounds "11"]
[EventCountry "FRA"]
[Source "ChessBase"]
[SourceDate "2010.02.25"]

1. d4 Nf6 2. c4 c5 3. d5 e6 4. Nc3 exd5 5. cxd5 d6 6. g3 g6 7. Bg2 Bg7 8. Nf3
O-O 9. O-O a6 10. a4 Re8 11. Nd2 Nbd7 12. Nc4 Nb6 13. Na3 Bd7 14. Re1 Nxa4 15.
Nxa4 b5 16. Nxc5 dxc5 17. h3 Ne4 18. Qc2 Bf5 19. g4 Nxf2 20. gxf5 Qh4 21. Rf1
Nxh3+ 22. Bxh3 Qxh3 23. e3 b4 24. Nb1 Bh6 1/2-1/2

[Event "FRA-chT1 0910"]
[Site "France"]
[Date "2009.10.04"]
[Round "1.7"]
[White "Marino, Olivier"]
[Black "Lebel, Patrick"]
[Result "1/2-1/2"]
[WhiteElo "2107"]
[BlackElo "2125"]
[PlyCount "69"]
[EventDate "2009.09.27"]
[EventType "team-match"]
[EventRounds "11"]
[EventCountry "FRA"]
[Source "ChessBase"]
[SourceDate "2010.02.25"]

1. e4 Nf6 2. Nc3 Nc6 3. Nf3 d5 4. exd5 Nxd5 5. Bb5 Nxc3 6. bxc3 Qd5 7. c4 Qe6+
8. Qe2 Qxe2+ 9. Kxe2 Bd7 10. Rb1 e6 11. d4 O-O-O 12. Be3 a6 13. Bxc6 Bxc6 14.
Ne5 Be8 15. Rhe1 Bd6 16. f4 f6 17. Nd3 c6 18. c5 Bc7 19. Rb2 Rd7 20. Reb1 Ba5
21. Rb3 Bg6 22. Ra3 Bxd3+ 23. Rxd3 Re8 24. c4 Bc7 25. h3 Bb8 26. Rf1 f5 27.
Rfd1 g6 28. Kf3 Red8 29. Bf2 Re8 30. Bh4 Bc7 31. Bf6 Bd8 32. Be5 Bc7 33. Re1
Bxe5 34. Rxe5 Rde7 35. Ke2 1/2-1/2

[Event "FRA-chT1 0910"]
[Site "France"]
[Date "2009.10.04"]
[Round "1.7"]
[White "Pellisseri, Michel"]
[Black "Dikant, Christophe"]
[Result "1-0"]
[WhiteElo "2100"]
[BlackElo "2019"]
[PlyCount "75"]
[EventDate "2009.09.27"]
[EventType "team-match"]
[EventRounds "11"]
[EventCountry "FRA"]
[Source "ChessBase"]
[SourceDate "2010.02.25"]

1. d4 g6 2. c4 Bg7 3. Nc3 c5 4. d5 Bxc3+ 5. bxc3 f5 6. f3 Nf6 7. Nh3 d6 8. Nf2
Qa5 9. Bd2 Nbd7 10. e3 Qa6 11. Bd3 Ne5 12. Qe2 Nxd3+ 13. Qxd3 Nd7 14. O-O Ne5
15. Qc2 Bd7 16. e4 Ba4 17. Qc1 fxe4 18. fxe4 O-O-O 19. Bf4 Nxc4 20. Re1 Nb6 21.
Bg5 Rde8 22. Ng4 Qc4 23. Qe3 Rhf8 24. Nf2 Kb8 25. Qd2 Bb5 26. Rad1 Na4 27. Re3
Rf7 28. Bh4 Ref8 29. Bg3 h5 30. h4 Kc7 31. e5 Kc8 32. exd6 exd6 33. Ne4 Rf1+
34. Rxf1 Qxf1+ 35. Kh2 Nb6 36. Nxd6+ Kd7 37. Re1 Qd3 38. Qh6 1-0

[Event "FRA-chT1 0910"]
[Site "France"]
[Date "2009.10.04"]
[Round "1.8"]
[White "Choisy, Mathilde"]
[Black "Wilson, Alexandra"]
[Result "1-0"]
[WhiteElo "2134"]
[BlackElo "2083"]
[PlyCount "73"]
[EventDate "2009.09.27"]
[EventType "team-match"]
[EventRounds "11"]
[EventCountry "FRA"]
[Source "ChessBase"]
[SourceDate "2010.02.25"]

1. e4 e6 2. d4 d5 3. Nc3 Bb4 4. e5 c5 5. a3 Bxc3+ 6. bxc3 Ne7 7. Qg4 Qc7 8.
Qxg7 Rg8 9. Qxh7 cxd4 10. Ne2 dxc3 11. f4 Nbc6 12. Qd3 Nf5 13. h4 d4 14. Rh3
Bd7 15. Ng3 Nxe5 16. fxe5 Nxg3 17. Rxg3 Qxe5+ 18. Kf2 O-O-O 19. Rg5 Rxg5 20.
Bxg5 Bc6 21. Be2 Be4 22. Qc4+ Kb8 23. Rb1 Qf5+ 24. Kg1 Bxc2 25. Rb5 e5 26. Qc6
Qd7 27. Qxd7 Rxd7 28. Rxe5 a6 29. Bf4 Ka7 30. Bg4 Rd8 31. Rc5 Be4 32. Kf2 d3
33. Rxc3 d2 34. Bd1 b5 35. Rc7+ Kb6 36. Re7 Bg6 37. Bc7+ 1-0

[Event "FRA-chT1 0910"]
[Site "France"]
[Date "2009.10.04"]
[Round "1.8"]
[White "Dacalor, Aurelie"]
[Black "Cornaton, Antoine"]
[Result "0-1"]
[WhiteElo "2028"]
[BlackElo "1774"]
[PlyCount "124"]
[EventDate "2009.09.27"]
[EventType "team-match"]
[EventRounds "11"]
[EventCountry "FRA"]
[Source "ChessBase"]
[SourceDate "2010.02.25"]

1. d4 Nf6 2. c4 e6 3. Nc3 Bb4 4. Bg5 h6 5. Bxf6 Qxf6 6. Rc1 O-O 7. a3 Bxc3+ 8.
Rxc3 d6 9. e4 b6 10. g3 Bb7 11. Bg2 Qe7 12. Ne2 Nd7 13. O-O e5 14. d5 f5 15.
exf5 Rxf5 16. Re3 Rf6 17. Nf4 Nf8 18. Be4 Bc8 19. Qc2 Qf7 20. Ne6 Rb8 21. Nd8
Qd7 22. Nc6 Ra8 23. Rfe1 Bb7 24. Nb4 Qf7 25. Bg2 Ng6 26. Qe2 Rf8 27. Nd3 Bc8
28. f3 Bd7 29. Nf2 Bf5 30. Ne4 Bxe4 31. Rxe4 Ne7 32. g4 Ng6 33. Rf1 Nf4 34. Qe3
g5 35. Rf2 Kg7 36. Kf1 a6 37. Bh1 Qd7 38. Qb3 Qf7 39. Ke1 Nh3 40. Rd2 Nf4 41.
Kd1 Ng6 42. Rf2 Nh4 43. Ke2 Rf4 44. Qd3 Ng6 45. Kd2 Rxe4 46. Qxe4 Re8 47. Bg2
Qf4+ 48. Qxf4 exf4 49. Re2 Rxe2+ 50. Kxe2 Kf6 51. Bf1 Nh4 52. Kf2 Ke5 53. Bd3
Kd4 54. Ke2 Ng2 55. Kd2 Ne3 56. b3 a5 57. Be2 a4 58. bxa4 Nxc4+ 59. Kc2 Ne3+
60. Kb3 Nxd5 61. a5 bxa5 62. Bb5 Nb6 0-1

[Event "FRA-chT1 0910"]
[Site "France"]
[Date "2009.10.04"]
[Round "1.8"]
[White "Desimety, Beatrice"]
[Black "Marchais, Aurelie"]
[Result "0-1"]
[WhiteElo "1499"]
[BlackElo "1779"]
[PlyCount "52"]
[EventDate "2009.09.27"]
[EventType "team-match"]
[EventRounds "11"]
[EventCountry "FRA"]
[Source "ChessBase"]
[SourceDate "2010.02.25"]

1. e4 c6 2. d4 d5 3. Nc3 dxe4 4. Nxe4 Bf5 5. Ng3 Bg6 6. h4 h6 7. Nf3 Nd7 8. h5
Bh7 9. Bd3 Bxd3 10. Qxd3 Qc7 11. Bd2 Ngf6 12. O-O-O e6 13. Ne4 O-O-O 14. Kb1
Nxe4 15. Qxe4 Nf6 16. Qe2 c5 17. Be3 Nd5 18. Ne1 c4 19. c3 Rd6 20. g3 Ra6 21.
Rd2 Qa5 22. a3 Bxa3 23. Rc2 Bxb2 24. Rxb2 Nb6 25. Kc2 Qf5+ 26. Kd2 Qd3+ 0-1

[Event "FRA-chT1 0910"]
[Site "France"]
[Date "2009.10.04"]
[Round "1.8"]
[White "Lalande, Jean Louis"]
[Black "Bonvalot, Isabelle"]
[Result "1-0"]
[WhiteElo "2058"]
[BlackElo "1904"]
[PlyCount "63"]
[EventDate "2009.09.27"]
[EventType "team-match"]
[EventRounds "11"]
[EventCountry "FRA"]
[Source "ChessBase"]
[SourceDate "2010.02.25"]

1. d4 f5 2. Bg5 g6 3. Nc3 Bg7 4. e4 d6 5. Nge2 Nc6 6. Qd2 Nf6 7. f3 O-O 8.
O-O-O fxe4 9. Nxe4 Nxe4 10. fxe4 Bg4 11. c3 Na5 12. h3 Be6 13. Kb1 Nc4 14. Qc1
b5 15. d5 Bd7 16. Nd4 Rf2 17. Bxc4 bxc4 18. Qe3 Rf7 19. Rhf1 Bf6 20. Bh6 Qc8
21. Qe2 e5 22. Nc2 Rb8 23. Ne3 Qa6 24. Ka1 Ba4 25. Rd2 Bb3 26. a3 Ba4 27. Ng4
Bg7 28. Rxf7 Kxf7 29. Qf3+ Kg8 30. Bxg7 Qb6 31. Rf2 a5 32. Qf7# 1-0

[Event "FRA-chT1 0910"]
[Site "France"]
[Date "2009.10.04"]
[Round "1.8"]
[White "Lamorelle, Camille"]
[Black "Cochet, Caroline"]
[Result "1/2-1/2"]
[WhiteElo "1758"]
[BlackElo "2033"]
[PlyCount "94"]
[EventDate "2009.09.27"]
[EventType "team-match"]
[EventRounds "11"]
[EventCountry "FRA"]
[Source "ChessBase"]
[SourceDate "2010.02.25"]

1. e4 c5 2. Nf3 Nc6 3. d4 cxd4 4. Nxd4 g6 5. Nc3 Bg7 6. Be3 Nf6 7. Be2 O-O 8.
O-O d6 9. f4 Qb6 10. Na4 Qb4 11. c3 Qa5 12. b4 Qc7 13. Bd3 Ng4 14. Qd2 Nxe3 15.
Qxe3 a6 16. Rac1 b5 17. Nxc6 Qxc6 18. Nb6 Rb8 19. Nxc8 Rbxc8 20. c4 Qb7 21.
cxb5 axb5 22. Qe2 Bc3 23. Rb1 Rb8 24. Kh1 d5 25. exd5 Qxd5 26. Rfd1 Qb7 27. Be4
Qb6 28. f5 Rfd8 29. Rdc1 Rd2 30. Qf3 Bf6 31. fxg6 hxg6 32. a3 Rbd8 33. h3 Kg7
34. Rc2 Rxc2 35. Bxc2 Rd2 36. Bd3 Ra2 37. Be4 Qa6 38. Rb3 Ra1+ 39. Rb1 Rxa3 40.
Qe2 Ra2 41. Qd3 Ra1 42. Bf3 Qa2 43. Rd1 Rxd1+ 44. Qxd1 Qb2 45. Qd3 e6 46. Bc6
Bc3 47. Qf1 Qxb4 1/2-1/2

[Event "FRA-chT1 0910"]
[Site "France"]
[Date "2009.10.04"]
[Round "1.8"]
[White "Lebel Arias, Julia"]
[Black "Verot, Melanie"]
[Result "1-0"]
[WhiteElo "1953"]
[BlackElo "2138"]
[PlyCount "139"]
[EventDate "2009.09.27"]
[EventType "team-match"]
[EventRounds "11"]
[EventCountry "FRA"]
[Source "ChessBase"]
[SourceDate "2010.02.25"]

1. d4 d5 2. f4 Nf6 3. Nf3 e6 4. e3 c5 5. c3 Nbd7 6. Bd3 Ne4 7. Nbd2 Ndf6 8. O-O
h6 9. Ne5 Bd7 10. a4 Nxd2 11. Bxd2 c4 12. Bc2 Bd6 13. Qf3 O-O 14. e4 Be8 15.
exd5 exd5 16. Rae1 Bc6 17. Bc1 Qa5 18. Nxc6 bxc6 19. g4 Qc7 20. Kg2 Rae8 21. g5
hxg5 22. fxg5 Ne4 23. Bxe4 dxe4 24. Rxe4 Rxe4 25. Qxe4 Qd7 26. Re1 c5 27. d5
Qxa4 28. g6 Qd7 29. gxf7+ Qxf7 30. Qe6 Qxe6 31. Rxe6 Rd8 32. h3 Bc7 33. Rc6 Bb6
34. d6 Kf7 35. Bg5 Rd7 36. Be7 Ke6 37. Rc8 Rb7 38. Kf3 a5 39. Ke4 a4 40. Bf8
Kd7 41. Ra8 Bd8 42. Kd5 Rxb2 43. Rxa4 g5 44. Ra7+ Kc8 45. Rh7 Rf2 46. d7+ Kb7
47. Bxc5 Rf5+ 48. Kxc4 Kc6 49. Bd4 Rf6 50. Kd3 Kd6 51. Be3 Rf5 52. c4 Kc6 53.
Ke4 Rf1 54. c5 Rd1 55. Bd4 Re1+ 56. Be3 Rd1 57. Rf7 Re1 58. Kf3 Rf1+ 59. Bf2
Rh1 60. Kg4 Rf1 61. Kf3 Rh1 62. Kg2 Rd1 63. Be3 Re1 64. Bf2 Rd1 65. Rh7 Rd3 66.
Rg7 Rd2 67. Kf3 Rd3+ 68. Be3 Kd5 69. Rg6 Rc3 70. Rg8 1-0